L'Économie française : La politique économique intérieure française

Bewaard in:
Bibliografische gegevens
Hoofdauteur: Chardonnet, Jean
Formaat: Boek
Taal:Undetermined
Gepubliceerd in: Paris Dalloz 1970
Onderwerpen:
Tags: Voeg label toe
Geen labels, Wees de eerste die dit record labelt!
Thư viện lưu trữ: Trung tâm Học liệu Trường Đại học Cần Thơ
LEADER 00529nam a2200193Ia 4500
001 CTU_82200
008 210402s9999 xx 000 0 und d
082 |a 330.9 
082 |b C471/T.3 
100 |a Chardonnet, Jean 
245 0 |a L'Économie française : 
245 0 |b La politique économique intérieure française 
245 0 |c Jean Chardonnet 
260 |a Paris 
260 |b Dalloz 
260 |c 1970 
650 |a Industries 
904 |i Trọng Hải 
980 |a Trung tâm Học liệu Trường Đại học Cần Thơ